000 00317nam a22001457a 4500
008 210310b ||||| |||| 00| 0 eng d
020 _a9781457611131
041 _aeng
080 _211th
_a070
082 _211th
_a070
100 _a40
101 _aMED
245 _aWriting that Works
_cOli,E.W
942 _2udc
_cBK
999 _c56272
_d56272